000 00716nam a2200193 i 4500
001 187706
003 ES-MaACL
005 20260307063017.0
008 180126q1922 sp |||| |dspa d
080 _a821.133.1-31"18"
100 _aMusset, Alfred de,
_d1810-1857
_9223345
245 1 3 _aLa confesión de un hijo del siglo /
_cAlfredo de Musset ; traducción de T. Orts-Ramos.
260 _aBarcelona :
_bFeliu y Susanna,
_c[ca.1922]
300 _a359 p. ;
_c20 cm.
596 _aEn contracub. consta: "Feliu y Susana"
700 1 _aOrts Ramos, Tomás,
_d1866-1939
_9150116
852 4 _aES-MaACL
_jL-31871
_z- Donat. herederos de la bibl. de Mª del Pilar Costa Palacín
999 _c187706
_d187706